MARC details
| 000 -CABECERA |
| campo de control de longitud fija |
01503nam a2200253 i 4500 |
| 003 - IDENTIFICADOR DEL NÚMERO DE CONTROL |
| campo de control |
DO-SdBNP |
| 005 - FECHA Y HORA DE LA ÚLTIMA TRANSACCIÓN |
| campo de control |
20230413092620.0 |
| 006 - CÓDIGOS DE INFORMACIÓN DE LONGITUD FIJA--CARACTERÍSTICAS DEL MATERIAL ADICIONAL |
| campo de control de longitud fija |
a|||||r|||| 00| 0 |
| 007 - CAMPO FIJO DE DESCRIPCIÓN FÍSICA--INFORMACIÓN GENERAL |
| campo de control de longitud fija |
ta |
| 008 - DATOS DE LONGITUD FIJA--INFORMACIÓN GENERAL |
| campo de control de longitud fija |
230412q1949 dr ao||gr|||| 001 e spa d |
| 040 ## - FUENTE DE LA CATALOGACIÓN |
| Centro catalogador/agencia de origen |
DO-SdBNP |
| Lengua de catalogación |
spa |
| Centro/agencia transcriptor |
BNPHU |
| Normas de descripción |
rda |
| 082 #4 - NÚMERO DE LA CLASIFICACIÓN DECIMAL DEWEY |
| Número de edición |
22 |
| Número de documento/Ítem |
B982u |
| 245 13 - MENCIÓN DE TÍTULO |
| Título |
Una satrapía en el caribe : |
| Resto del título |
historia puntual de la mala vida del déspota Rafael Leonidas Trujillo / |
| Mención de responsabilidad, etc. |
Gragorio R. Bustamante |
| 246 14 - FORMA VARIANTE DE TÍTULO |
| Título propio/Titulo breve |
Una satrapía en el caribe : |
| Resto del título |
sus curas y sus guardias |
| 264 ## - PRODUCCIÓN, PUBLICACIÓN, DISTRIBUCIÓN, FABRICACIÓN Y COPYRIGHT |
| Producción, publicación, distribución, fabricación y copyright |
Santo Domingo : |
| Nombre del de productor, editor, distribuidor, fabricante |
Central del Libro, C por A. |
| Fecha de producción, publicación, distribución, fabricación o copyright |
¿1949? |
| 300 ## - DESCRIPCIÓN FÍSICA |
| Extensión |
246 páginas : |
| Otras características físicas |
Ilustraciones, fotografías , |
| Dimensiones |
20 cm. |
| 336 ## - TIPO DE CONTENIDO |
| Fuente |
rdaconten |
| Término de tipo de contenido |
texto |
| Código de tipo de contenido |
txt |
| 337 ## - TIPO DE MEDIO |
| Fuente |
rdamedia |
| Nombre/término del tipo de medio |
sin medición |
| 338 ## - TIPO DE SOPORTE |
| Fuente |
rdacarrier |
| Nombre/término del tipo de soporte |
volumen |
| Código del tipo de soporte |
nc |
| 505 ## - NOTA DE CONTENIDO CON FORMATO |
| Nota de contenido con formato |
Dedicatoria. |
| 505 ## - NOTA DE CONTENIDO CON FORMATO |
| Nota de contenido con formato |
Advertencia indispensable |
| Título |
Capítulo I.- La familia de los Trujillo.-- |
| -- |
Capítulo II.- La familia de Chapita.-- |
| -- |
Capítulo III.- Los que rodean al Sátrapa: alcahuetes, bufones, lacayos y aduladores.-- |
| -- |
Capítulo IV.- Tretas de que se valió el megalománico Trujillo para captar el poder.-- |
| -- |
Capítulo V.- Cómo se sostiene el Sátrapa.-- |
| -- |
Capítulo VI.- La ferocidad más que neroniana del mulato Chapita.-- |
| -- |
Capítulo VII.- Inexistencai de los Poderes Legislativos y Judicial y trasiegos burocráticos.-- |
| -- |
Capítulo VIII.- Un régimen monopolista.-- |
| -- |
Capítulo IX.- La política intencional del tirano.-- |
| -- |
Documentos y noticias corroboradores. |
| 590 ## - NOTA LOCAL (RLIN) |
| Nota local |
Inventariado 2023 / MF |
| 942 ## - ELEMENTOS DE PUNTO DE ACCESO ADICIONAL (KOHA) |
| Fuente del sistema de clasificación o colocación |
Dewey Decimal Classification |
| Tipo de ítem Koha |
Libro |